Atatürkçü düşüncenin bilimsel ve felsefi temelleri (Record no. 3484)

MARC details
000 -BAŞLIK
Sabit Uzunlukta Kontrol Alanı 00932na a2200277 4500
001 - KONTROL NUMARASI
Denetim Alanı 14162
003 - KONTROL NUMARASI IDENTIFIER
Denetim Alanı MIRAKIL
005 - SON İŞLEM TARİHİ VE ZAMANI
Denetim Alanı 20181213154933.0
008 - SABİT-BOY VERİ ELEMANLARI - GENEL BİLGİLER
Sabit Uzunlukta Kontrol Alanı 160920b tu 000 0
020 ## - ULUSLARARASI STANDART KİTAP NUMARASI
Uluslararası Standart Kitap Numarası 9789755072128
035 ## - SİSTEM KONTROL NUMARASI
Sistem Kontrol Numarası 14162
040 ## - KATALOGLAMA KAYNAK
Orijinal Kataloglama Ajansı Milas
Kataloglama Dili tur
Metne Dönüştürmek Ajansı TR-AnCHP
082 ## - DEWEY ONLU SINIFLANDIRMA NUMARASI
Sınıflandırma Numarası ATA 956.1024
Ürün Numarası A72 2007
090 ## - SINIFLAMA NUMARASI
Sınıflama Numarası ATA 956.1024 A72 2007
245 ## - BAŞLIK TABLOSU
Başlık Atatürkçü düşüncenin bilimsel ve felsefi temelleri
Sorumluluk Tablosu, Vb derleyen Nazife Güngör
260 ## - YAYIN, DAĞITIM, VB
Yayın, Dağıtım, Vb Yeri Ankara
Yayıncı, Dağıtıcı, Vs Adı Gazi Üniversitesi
Yayın, Dağıtım, Vb Tarihi 2007
300 ## - FİZİKSEL TANIM
Kapsam 291 s.
Boyutlar 20 sm.
490 ## - SERİSİ TABLOSU
Seri Beyanı Hasan Ali Yücel Araştırma ve Uygulama Merkezi Yayını
Hacim / Ardışık Tanımı 2
490 ## - SERİSİ TABLOSU
Seri Beyanı Gazi Üniversitesi Yayını
Hacim / Ardışık Tanımı 7
504 ## - KAYNAKÇA VB NOT
Kaynakça Vb Notu Dizin var.
600 ## - KONU KATMA GİRİŞ - KURUMSAL ADI
Kişisel Ad Atatürk, Mustafa Kemal
Bir Adıyla İlişkilendirilen Tarihler 1881-1938
Genel Alt Bölümü Atatürk devrimleri
600 ## - KONU KATMA GİRİŞ - KURUMSAL ADI
Kişisel Ad Atatürk, Mustafa Kemal
Bir Adıyla İlişkilendirilen Tarihler 1881-1938
Genel Alt Bölümü Siyasal ve sosyal görüşler
650 ## - KONU KATMA GİRİŞ - TOPİKAL DÖNEM
Topikal Süreli Veya Coğrafi Ad Giriş Elemanı Atatürkçülük
Genel Alt Bölümü Felsefe ve kuram
700 ## - KATMA GİRİŞ - KİŞİSEL İSİM
Kişisel Ad Güngör, Nazife
942 ## - EKLENDİ GİRİŞ ELEMANLARI (KOHA)
Sınıflandırma Veya Raf Düzeni Kaynak Dewey Decimal Classification
Koha Öğesi Türü Books
999 ## - SİSTEM KONTROL NUMARALARI (KOHA)
Koha Biblionumber 3484
Koha Biblioitemnumber 3484
Holdings
Kalıcı Konum Mevcut Konum Edinme Tarihi Edinim Kaynak Toplam Check-Out'Lar Tam Çağrı Numarası Barkod Tarih Son Görülme İtibaren Geçerli Fiyatlar Koha Öğesi Türü
CHP Kütüphanesi CHP Kütüphanesi 08/24/2016 Bağış   ATA 956.1024 A72 2007 002128 08/24/2016 08/24/2016 Books